000 00676cam a2200145 4500500
005 20260208005833.0
041 _afre
042 _adc
100 1 0 _aGagneux, Yves
_eauthor
245 0 0 _aTHÉOPHILE BRA, L’Évangile rouge. Texte établi, annoté et présenté par JACQUES DE CASO avec la collaboration de ANDRÉ BIGOTTE. Postface de FRANK PAUL BOWMAN. Paris, Gallimard, 2000. Un vol. de 317 p.
260 _c2005.
500 _a90
786 0 _nRevue d'histoire littéraire de la France | 105 | 4 | 2005-10-01 | p. 1031n-1076n | 0035-2411
856 4 1 _uhttps://shs.cairn.info/revue-d-histoire-litteraire-de-la-france-2005-4-page-1031n?lang=fr&redirect-ssocas=7080
999 _c1654048
_d1654048